00327nam a2200133Ia 4500008004100000050000800041050001600049100001600065245003500081260001300116260003600129260000900165999001900174170203s9999 xx 000 0 und d aFic b.C146w 1992 aCalder, Ivy aMinnie 'n Me - Where's Fifi? / aU.S.A. : bWestern Publishing Company Inc. c1992 c306197d306197